All Famous Dex Songs - Statistics

General Stats
  • This quiz has been taken 19 times
  • The average score is 48 of 153
Answer Stats
Album Song % Correct
Dex Meets Dexter Japan
75%
Dex Meets Dexter Pick It Up
67%
Dexter's Laboratory Hoes Mad
58%
The Rich Forever Way Intro
58%
Rich Forever 3 Read About It
58%
Read About It Read About It (Intro)
58%
Never Seen It Coming Never Seen It Coming
50%
Drippy Oh Man God Damn
50%
Drippy Rich
50%
Heartbreak Kid Rich Forever
50%
Dexter's Laboratory | Rich Forever Music 2 Times
42%
Dexter the Robot Glock
42%
Heartbreak Kid Goyard
42%
#OhhManGoddDamn Hit Em Wit It
42%
Heartbreak Kid My Spot
42%
Never Seen It Coming Stay Away
42%
Read About It Up
42%
Diana Ain't Real
33%
Diana Ain't Tuff
33%
Diana Amazing
33%
Read About It A Must
33%
Diana Asthma Attack
33%
Drippy Back Now
33%
Dex Meets Dexter Celine
33%
Dex Meets Dexter Champion
33%
Read About It Checking You Out
33%
Dexter the Robot Check N Flex
33%
Dexter's Laboratory Chill Mode
33%
Dex Meets Dexter Chump
33%
#OhhManGoddDamn Ciabatta
33%
Heartbreak Kid Count Up
33%
Diana Couped Out
33%
Diana Covered in Diamonds
33%
Dex Meets Dexter Deadpool
33%
Diana Dirty B
33%
Heartbreak Kid Disrespectful
33%
Dex Meets Dexter DMD
33%
Drippy Do What I Do
33%
Drippy Drip for a Milli
33%
Drippy Drip from My Walk
33%
Never Seen It Coming Duh Dummy
33%
Heartbreak Kid Energy
33%
Dexter the Robot Feeling Good
33%
Dexter's Laboratory Flying in Style
33%
Never Seen It Coming For the Low
33%
Drippy Geek
33%
Dexter Different God Damn
33%
Dexter the Robot Goin for Ten
33%
Read About It Hating Needs to Stop
33%
Dex Meets Dexter Hemi
33%
Diana Hold On
33%
Dexter's Laboratory Hover Board
33%
Heartbreak Kid I'm Crazy
33%
Never Seen It Coming Jealousy
33%
Drippy Kick It
33%
Never Seen It Coming Lean & Molly
33%
Never Seen It Coming Let's Get to the Plan
33%
Dex Meets Dexter Light
33%
Diana Like Me
33%
Dexter the Robot Link
33%
Dexter the Robot Living My Life (Interlude)
33%
Diana Made Like Us
33%
Read About It Made Up
33%
Drippy Martin
33%
Never Seen It Coming My Homies
33%
Heartbreak Kid Never Saw
33%
Never Seen It Coming No Hook (Part 1)
33%
Dexter the Robot Pressure
33%
Diana | Single #4 Proofread
33%
Dex Meets Dexter Prove It
33%
Read About It Revenge
33%
Rich Forever 3 Rich Forever Way (Outro)
33%
Never Seen It Coming Ring Ring
33%
Dexter's Laboratory Robbie Gould
33%
Dex Meets Dexter Said So
33%
Diana Secret
33%
Diana See the Pain
33%
Diana Solar System
33%
Read About It Spam
33%
Dexter the Robot Speed Way
33%
Read About It Stop It
33%
Drippy Stuck in the Sky
33%
Dexter's Laboratory Swagg
33%
Dexter the Robot Switch It Up
33%
Dex Meets Dexter Take Her
33%
Dex Meets Dexter Them Days
33%
Dexter the Robot Took Time
33%
Dexter's Laboratory Turning Up
33%
Heartbreak Kid U Late
33%
Diana Weight Up
33%
#OhhManGoddDamn | Rich Forever Music We Next
33%
Heartbreak Kid Whatever
33%
Diana What I Like
33%
Dexter the Robot What They Want
33%
Dexter's Laboratory Who Told You I Was the Man
33%
Dexter the Robot With Me
33%
Heartbreak Kid Woah
33%
Diana Work
33%
Dex Meets Dexter XOXO
33%
#OhhManGoddDamn Yeaaa Yeaaa
33%
Dexter's Laboratory Young N***a Jug
33%
Never Seen It Coming Your Fault
33%
#OhhManGoddDamn 4real
25%
DEXTER 2031 50 CLIP
25%
Dexter Different All the Time
25%
Dexter Different B4 the Night's Over
25%
Rich Forever 4 Broke as Sh*t
25%
DEXTER 2031 CASH UP
25%
DEXTER 2031 CATCH MY BREATH
25%
Drippy Drippy Drippy
25%
DEXTER 2031 DUMB
25%
Dexter Different Finish Him
25%
Single #3 Fully Loaded
25%
DEXTER 2031 HARD IN THE PAINT
25%
Heartbreak Kid HBK Intro
25%
#OhhManGoddDamn Hell Yeaaa (Remix)
25%
#OhhManGoddDamn I Ain't Talking Spaulding
25%
Rich Forever 3 I Don't Answer
25%
Dexter Different Jump in the Crowd
25%
#OhhManGoddDamn Kanye
25%
Dexter Different Lil Pill
25%
Rich Forever 3 Loose It
25%
Rich Forever 3 Moon Walkin'
25%
Rich Forever 3 No Noise
25%
DEXTER 2031 OFF A PILL
25%
Rich Forever 4 Off the Lot
25%
Read About It Only If
25%
Rich Forever 3 Pardon Me
25%
Rich Forever 4 Party Bus
25%
#OhhManGoddDamn Ran Off On Yo B***h
25%
Rich Forever 4 Rich Sh*t
25%
Dexter Different Switchin' Off
25%
Rich Forever 3 VVS
25%
Rich Forever 3 You Flexin'
25%
Single In the Bank
17%
Single #2 Nervous
17%
Rich Forever 2 2 Times (Remix)
8%
Rich Forever Music Choose
8%
Rich Forever Music DMC
8%
Rich Forever 2 I'm Cool
8%
Rich Forever Music I'm Paid
8%
The Rich Forever Way In My Coupe
8%
The Rich Forever Way Like 3
8%
The Rich Forever Way New Wave (Remix)
8%
Dexter the Robot Pulled Up in Ghost
8%
The Rich Forever Way Pull Up (Remix)
8%
Read About It Remember Days When I Was Broke
8%
Dexter the Robot SammyDexMaxo
8%
Rich Forever 2 That Way
8%
The Rich Forever Way Windmill
8%
No matching quizzes found
Score Distribution
Percent of People with Each Score
Percentile by Number Answered
Your Score History
You have not taken this quiz